[Event "AUTO-ADV-3067"]
[Site "http://www.queenalice.com/game.php?id=1253351"]
[Date "2014.2.2"]
[Round "1"]
[White "Thomerson"]
[Black "RogerioJJ"]
[Result "1-0"]
[WhiteElo "1774"]
[BlackElo "1847"]

1. e4 e6 2. d4 d5 3. e5 c5 4. c3 Nc6 5. Nf3 Qb6 6. Bd3 cxd4 7. Ng5 Nxe5 8. O-O
Nxd3 9. Qxd3 Nf6 10. cxd4 Bd7 11. a4 Bd6 12. g3 h6 13. Nf3 O-O 14. b3 Rfe8 15.
Be3 Ng4 16. Qd2 Nxe3 17. Qxe3 e5 18. dxe5 Qxe3 19. fxe3 Bxe5 20. Nxe5 Rxe5 21.
Re1 d4 22. e4 1-0

[Event "AUTO-ADV-3068"]
[Site "http://www.queenalice.com/game.php?id=1253511"]
[Date "2014.2.3"]
[Round "1"]
[White "RogerioJJ"]
[Black "kokokinel"]
[Result "0-1"]
[WhiteElo "1936"]
[BlackElo "1988"]

1. e4 e5 2. Nf3 Nf6 3. Nxe5 d6 4. Nf3 Nxe4 5. Nc3 Nxc3 6. dxc3 Be7 7. Bc4 O-O 8.
h3 Nd7 9. Bf4 Nf6 10. Qd2 Be6 11. Bd3 Nd5 12. Bg3 Nb6 13. O-O Qd7 14. Qe2 Bf6
15. Qe4 g6 16. Qxb7 Bd5 17. Qa6 Bxf3 18. gxf3 Qxh3 19. Qb7 Rfc8 20. Qe4 Re8 21.
Qg4 Qxg4 22. fxg4 Be5 23. Bb5 Re6 24. Bc6 Rd8 25. Bh4 Bf6 0-1

[Event "AUTO-ADV-3068"]
[Site "http://www.queenalice.com/game.php?id=1253512"]
[Date "2014.2.3"]
[Round "1"]
[White "kokokinel"]
[Black "RogerioJJ"]
[Result "1-0"]
[WhiteElo "1973"]
[BlackElo "1951"]

1. e4 e6 2. d4 d5 3. exd5 exd5 4. c4 c6 5. cxd5 cxd5 6. Nc3 Nf6 7. Nf3 Bd6 8.
Bd3 O-O 9. O-O h6 10. h3 Nc6 11. Be3 a6 12. Rc1 Bd7 13. Bb1 Ne7 14. Qb3 b5 15.
a3 Bf5 16. Kh1 Bxb1 17. Rxb1 b4 18. axb4 Qb6 19. b5 Rab8 20. Rfc1 axb5 21. Ra1
Rfc8 22. g3 b4 23. Na4 Qb5 24. Nc5 Qe2 25. Kg2 Nf5 26. Ng1 Nxe3+ 27. Qxe3 1-0

[Event "AUTO-ADV-3068"]
[Site "http://www.queenalice.com/game.php?id=1253513"]
[Date "2014.2.3"]
[Round "1"]
[White "RogerioJJ"]
[Black "Antero"]
[Result "1-0"]
[WhiteElo "1912"]
[BlackElo "1808"]

1. c4 e5 2. Nc3 c5 3. Nf3 d6 4. e3 Bg4 5. Be2 Nc6 6. h3 Bh5 7. Qa4 Nf6 8. g4 Bg6
9. Nh4 Be7 10. Nxg6 fxg6 11. Bf3 Qc7 12. g5 Nd7 13. Nd5 Qd8 14. Nxe7 Nxe7 15.
Bxb7 Rb8 16. Be4 a5 17. h4 O-O 18. Qc2 Kh8 19. h5 h6 20. hxg6 1-0

[Event "AUTO-ADV-3068"]
[Site "http://www.queenalice.com/game.php?id=1253514"]
[Date "2014.2.3"]
[Round "1"]
[White "Antero"]
[Black "RogerioJJ"]
[Result "0-1"]
[WhiteElo "1796"]
[BlackElo "1924"]

1. e4 c5 2. Nf3 Nc6 3. c3 e6 4. d4 d5 5. e5 Qb6 6. b3 cxd4 7. cxd4 Bb4+ 8. Bd2
Nxd4 9. a3 Bxd2+ 10. Nbxd2 Bd7 11. Rc1 Ne7 12. Nxd4 Qxd4 13. Nf3 Qxd1+ 14. Rxd1
Rc8 15. b4 Ba4 16. Ra1 Ng6 17. g3 Ke7 18. Bg2 Bb5 19. a4 Bd3 20. Kd2 Be4 21.
Rhe1 Rc2+ 22. Ke3 Rc3+ 0-1

[Event "AUTO-ADV-3068"]
[Site "http://www.queenalice.com/game.php?id=1253515"]
[Date "2014.2.3"]
[Round "1"]
[White "RogerioJJ"]
[Black "Hagel"]
[Result "1-0"]
[WhiteElo "1955"]
[BlackElo "1983"]

1. e4 e6 2. d4 d5 3. e5 c5 4. c3 Nc6 5. Nf3 Bd7 6. Be2 Qb6 7. O-O Rc8 8. dxc5
Bxc5 9. b4 Be7 10. b5 Na5 11. a4 Nc4 12. Nbd2 Nxd2 13. Bxd2 f5 14. Re1 Bc5 15.
Nd4 Bxd4 16. cxd4 Qxd4 17. Be3 Qxd1 18. Rexd1 b6 19. a5 Ne7 20. axb6 axb6 21.
Bxb6 Rb8 22. Bc7 1-0

[Event "AUTO-ADV-3068"]
[Site "http://www.queenalice.com/game.php?id=1253516"]
[Date "2014.2.3"]
[Round "1"]
[White "Hagel"]
[Black "RogerioJJ"]
[Result "1-0"]
[WhiteElo "2089"]
[BlackElo "1875"]

1. e4 e6 2. f4 d6 3. Nf3 Ne7 4. d3 d5 5. e5 Nf5 6. c3 c5 7. Be2 d4 8. c4 Bd7 9.
O-O Bc6 10. Qe1 Be7 11. a3 a5 12. g4 Nh4 13. Nbd2 Nxf3+ 14. Bxf3 Bxf3 15. Rxf3
Nd7 16. Ne4 Qc7 17. Rb1 Qc6 18. Qg3 Nb6 19. f5 Nxc4 20. f6 gxf6 21. Nxf6+ Bxf6
22. Rxf6 O-O-O 23. dxc4 Qe4 24. Ra1 h5 25. g5 d3 26. Bd2 Qxc4 27. Rc1 1-0

[Event "AUTO-OPEN-3181"]
[Site "http://www.queenalice.com/game.php?id=1253939"]
[Date "2014.2.5"]
[Round "1"]
[White "siarango"]
[Black "RogerioJJ"]
[Result "1-0"]
[WhiteElo "1845"]
[BlackElo "1767"]

1. d4 g6 2. e4 Bg7 3. Nf3 Nf6 4. e5 Nd5 5. Bc4 Nb6 6. Bb3 d5 7. c3 Bg4 8. Qd3
Na6 9. h3 Bf5 10. Qe2 O-O 11. Bg5 f6 12. Bf4 fxe5 13. Nxe5 Bxb1 14. Rxb1 Rxf4
15. O-O Bxe5 16. Qxe5 Qd6 17. Qxd6 exd6 18. g3 Rf7 19. a4 1-0

[Event "AUTO-OPEN-3181"]
[Site "http://www.queenalice.com/game.php?id=1253940"]
[Date "2014.2.5"]
[Round "1"]
[White "RogerioJJ"]
[Black "siarango"]
[Result "1-0"]
[WhiteElo "1972"]
[BlackElo "1787"]

1. e4 e5 2. Nf3 Nc6 3. c3 d6 4. d4 Bg4 5. d5 Nce7 6. h3 Bh5 7. Bg5 h6 8. Bb5+ c6
9. dxc6 hxg5 10. cxb7+ Nc6 11. Bxc6+ Ke7 12. bxa8=Q 1-0

[Event "AUTO-OPEN-3181"]
[Site "http://www.queenalice.com/game.php?id=1253965"]
[Date "2014.2.5"]
[Round "1"]
[White "junipero"]
[Black "RogerioJJ"]
[Result "1-0"]
[WhiteElo "2063"]
[BlackElo "1884"]

1. d4 Nf6 2. c4 g6 3. Nc3 d5 4. e3 Bg7 5. Nf3 O-O 6. cxd5 Nxd5 7. g3 c5 8. Bg2
Nxc3 9. bxc3 Qc7 10. O-O Bd7 11. Ba3 Bb5 12. Re1 Nd7 13. Qb3 Ba6 14. Nd2 Rfe8
15. Rab1 Rab8 16. Ne4 Bd3 17. Rbc1 1-0

[Event "AUTO-OPEN-3181"]
[Site "http://www.queenalice.com/game.php?id=1253966"]
[Date "2014.2.5"]
[Round "1"]
[White "RogerioJJ"]
[Black "junipero"]
[Result "0-1"]
[WhiteElo "1894"]
[BlackElo "2053"]

1. e4 c5 2. Nf3 Nc6 3. d4 cxd4 4. Nxd4 e5 5. Nb5 d6 6. N1c3 a6 7. Na3 b5 8. Nd5
Nf6 9. Bg5 Be7 10. Bxf6 Bxf6 11. c3 O-O 12. Be2 Bb7 13. Nc2 Rc8 14. Bg4 Rb8 15.
Qf3 Be7 16. Nce3 Bg5 17. h4 Bxh4 18. Qh3 Bxf2+ 19. Kxf2 h6 20. Nf5 Qg5 21. Rad1
Rbd8 0-1

[Event "AUTO-OPEN-3181"]
[Site "http://www.queenalice.com/game.php?id=1253983"]
[Date "2014.2.5"]
[Round "1"]
[White "RogerioJJ"]
[Black "MSchatz"]
[Result "0-1"]
[WhiteElo "1983"]
[BlackElo "1981"]

1. e4 e5 2. Nf3 Nc6 3. c3 d6 4. d4 Nf6 5. d5 Ne7 6. Bd3 Bd7 7. c4 c6 8. O-O cxd5
9. cxd5 Ng6 10. h3 Qc8 11. Nh2 Be7 12. Nc3 O-O 13. Be3 h6 14. Rc1 Qd8 15. Qb3 b6
16. Rc2 Rc8 17. Rfc1 Qe8 18. Ba6 Rc7 19. a4 Nxe4 20. a5 Nxc3 21. Rxc3 Rxc3 22.
Rxc3 Qb8 23. axb6 axb6 24. Qxb6 Qxb6 25. Bxb6 Bd8 26. Bxd8 Rxd8 27. Bb7 Nf4 28.
Kf1 Kf8 29. Bc6 Ke7 0-1

[Event "AUTO-OPEN-3181"]
[Site "http://www.queenalice.com/game.php?id=1253984"]
[Date "2014.2.5"]
[Round "1"]
[White "MSchatz"]
[Black "RogerioJJ"]
[Result "1/2-1/2"]
[WhiteElo "1680"]
[BlackElo "1995"]

1. e4 e6 2. d4 d5 3. exd5 exd5 4. Bd3 Nf6 5. Nc3 c6 6. h3 h6 7. Nf3 Bd6 8. O-O
O-O 9. Re1 Be6 10. Bd2 b5 11. a3 a5 12. Ne2 Qc7 13. Qc1 Nbd7 14. Bf4 Bxf4 15.
Qxf4 Qxf4 16. Nxf4 Rae8 17. Nxe6 Rxe6 18. Rxe6 fxe6 19. Re1 Re8 20. c3 g5 21. g3
Kf7 22. Kg2 Rg8 23. Ne5+ Nxe5 24. Rxe5 Nd7 25. Re1 a4 26. Be2 Nf6 27. Bf3 h5 28.
g4 h4 29. Re3 1/2-1/2

[Event "AUTO-MASTER-2038"]
[Site "http://www.queenalice.com/game.php?id=1258103"]
[Date "2014.2.19"]
[Round "1"]
[White "RogerioJJ"]
[Black "acam"]
[Result "0-1"]
[WhiteElo "1989"]
[BlackElo "2245"]

1. e4 c5 2. Nf3 e6 3. d4 cxd4 4. Nxd4 Be7 5. Be2 Nf6 6. e5 Nd5 7. O-O O-O 8. c4
Nb4 9. Re1 d6 10. exd6 Qxd6 11. Na3 a6 0-1